Anglo-American cataloging rules. (رقم التسجيلة. 152079)
[ عرض عادي ]
| 000 -LEADER | |
|---|---|
| fixed length control field | 01609cam a2200325 4500 |
| 008 - FIXED-LENGTH DATA ELEMENTS--GENERAL INFORMATION | |
| fixed length control field | 700105s1970 ilu 001 0 eng |
| 010 ## - LIBRARY OF CONGRESS CONTROL NUMBER | |
| LC control number | 70141624 |
| 020 ## - INTERNATIONAL STANDARD BOOK NUMBER | |
| International Standard Book Number | 0838930115 |
| 040 ## - CATALOGING SOURCE | |
| Original cataloging agency | DLC |
| Transcribing agency | DLC |
| Modifying agency | DLC |
| 050 00 - LIBRARY OF CONGRESS CALL NUMBER | |
| Classification number | Z694 |
| Item number | .A5 1970 |
| 082 00 - DEWEY DECIMAL CLASSIFICATION NUMBER | |
| Classification number | 025.3/2 |
| 092 04 - LOCALLY ASSIGNED DEWEY CALL NUMBER (OCLC) | |
| Classification number | 025.32 |
| Item number | A5896s 1970 |
| Edition number | 21 |
| 099 ## - LOCAL FREE-TEXT CALL NUMBER (OCLC) | |
| Classification number | 04 |
| -- | 025.32 A5896s 1970 |
| 130 0# - MAIN ENTRY--UNIFORM TITLE | |
| Uniform title | Anglo-American cataloging rules (North American text) |
| 245 00 - TITLE STATEMENT | |
| Title | Anglo-American cataloging rules. |
| Statement of responsibility, etc. | Prepared by the American Library Association, the Library of Congress, the Library Association, and the Canadian Library Association. North American text with supplement of additions and changes. [General editor: C. Sumner Spalding] |
| 260 ## - PUBLICATION, DISTRIBUTION, ETC. | |
| Place of publication, distribution, etc. | Chicago, |
| Name of publisher, distributor, etc. | American Library Association |
| Date of publication, distribution, etc. | [1970]. |
| 300 ## - PHYSICAL DESCRIPTION | |
| Extent | xxii, 409 p. |
| Dimensions | 27 cm. |
| 500 ## - GENERAL NOTE | |
| General note | Supersedes the A.L.A. cataloging rules for author and title entries, and includes a revision of the Rules for descriptive cataloging in the Library of Congress. |
| 650 #0 - SUBJECT ADDED ENTRY--TOPICAL TERM | |
| Topical term or geographic name entry element | Descriptive cataloging |
| General subdivision | Rules. |
| 700 1# - ADDED ENTRY--PERSONAL NAME | |
| Personal name | Spalding, C. Sumner |
| Fuller form of name | (Charles Sumner), |
| Dates associated with a name | 1912-1997, |
| Relator term | |
| 710 2# - ADDED ENTRY--CORPORATE NAME | |
| Corporate name or jurisdiction name as entry element | American Library Association. |
| 710 2# - ADDED ENTRY--CORPORATE NAME | |
| Corporate name or jurisdiction name as entry element | American Library Association. |
| Subordinate unit | Division of Cataloging and Classification. |
| Title of a work | A.L.A. cataloging rules for author and title entries. |
| 710 2# - ADDED ENTRY--CORPORATE NAME | |
| Corporate name or jurisdiction name as entry element | Library of Congress. |
| 710 2# - ADDED ENTRY--CORPORATE NAME | |
| Corporate name or jurisdiction name as entry element | Library of Congress. |
| Subordinate unit | Descriptive Cataloging Division. |
| Title of a work | Rules for descriptive cataloging in the Library of Congress. |
| 902 ## - LOCAL DATA ELEMENT B, LDB (RLIN) | |
| No. of Items | 1 |
| 905 ## - LOCAL DATA ELEMENT E, LDE (RLIN) | |
| Cataloger | Ghada |
| Reviser | Cat. |
| 905 ## - LOCAL DATA ELEMENT E, LDE (RLIN) | |
| Cataloger | Jihan |
| Reviser | Rev. |
| 942 ## - ADDED ENTRY ELEMENTS (KOHA) | |
| Source of classification or shelving scheme | Dewey Decimal Classification |
| Koha item type | Reference |
| Source of classification or shelving scheme | Not for loan | Home library | Current library | Date acquired | Full call number | Barcode | Date last seen | Koha item type |
|---|---|---|---|---|---|---|---|---|
| Dewey Decimal Classification | المكتبة المركزبة الجديدة - جامعة القاهرة | قاعة المراجع - الدور الثاني | 11.02.2024 | 025.32 A5896s 1970 Ref. C.1 | 01000110203914000 | 23.09.2023 | Reference |